000 01967nam a2200445 a 4500
003 BLK
005 20240311114241.0
008 180409b bul|||||r ||||||| ||bul||
010 _aKNG00123020000
020 _a954-445-120-Х
040 _aBLK
041 _aBUL
_cBUL
080 _aВътрешна политика. Вж и 329
_b323
_x(47+57)(093.3)
_z323(47+57)(093.3)
080 _aПолитически партии и движения
_b329
_x(47+57)(092)(093.3)
_z329(47+57)(092)(093.3)
100 1 _aАвторханов, Абдурахман
_eпърви автор
_929412
139 _aАвторханов, Абдурахман
_bА 22
245 1 0 _aТехнология на властта
_bСпомени : Т. 1 -
_cАбдурахман Авторханов; прев. от рус. Елеонора Цветкова Тодорова.
_nТ. 1
257 _aSUN
260 _aСофия
_bХристо Ботев
_c1994
_9210116
_n978-954-445-
300 _a448 с.
_c20 см
380 _a3
490 _aПоредица Тоталитарното общество
500 _aОриг. загл. Технология власти.
650 4 _aСССР - вътрешна и външна политика - спомени
_9243082
650 4 _aПолитици, съветски - спомени
_9261341
651 4 _aСССР
_9179592
653 _aСССР
653 _aвътрешна политика
653 _aпартии
653 _aистория
700 1 _aТодорова, Елеонора Цветкова
_eпрев. от рус.
_9315247
760 1 _aАвторханов, Абдурахман
_dХристо Ботев, 1994
_h448 с.
_tТ. 1
852 _aЦб 176456
_bЦб
856 4 _qpdf
856 4 _qpdf
942 _cKNG
_n0
_02
944 _aCR
_c26.04.2011
_lХристина Везирева
_k30535
944 _aED
_c26.04.2011
_lдобави в АБ / 21.04.2011
999 _c117433
_d117433
999 _d117433